000 00628nam a22001937a 4500
005 20100730112122.0
010 _aENG-97382
020 _a9788183571265
_c140.00
035 _aEN-80915
037 _bDBAD/PUB
082 _a000
100 _aVivek Kumar Singh
_92490
245 _aCivil services planner /
_cby Vivek Kumar singh
260 _aNew Delhi
_bUnique Publishers
_c2010
270 _aM-51, Lajpat Nagar-II
_bNew Delhi
_e110024
300 _a236p.
_c20cm (pbk)
942 _2ddc
_cEN
_h000
_mVIV
999 _c38203
_d38203